00621nab a2200193uuc450000100070000000500170000700800410002403500110006503500210007604000130009704100080011010000390011824500490015765000240020665000430023065000240027365000310029777300990032899578820240201204222.0061003e20060401 spa  a995788 a(OCoLC)820364711 ccomduadb aspa10aCruz Zamorano, Alma Rosa4auteaut10aFrancia : desempleo, inmigracion y violencia aDesempleo - Francia aFrancia - Emigración e inmigración aViolencia - Francia aViolencia urbana - Francia0 tComercio Exterior (México)gVol. 56, No. 04, Abr. 2006, p. 350-358w193273x0185-0601084131